MyGZULibrary

Sisemhlabeni / (Record no. 5493)

MARC details
000 -LEADER
fixed length control field 00667nam a22002417a 4500
001 - CONTROL NUMBER
control field 1948006
003 - CONTROL NUMBER IDENTIFIER
control field GZU
005 - DATE AND TIME OF LATEST TRANSACTION
control field 20210407103248.0
008 - FIXED-LENGTH DATA ELEMENTS--GENERAL INFORMATION
fixed length control field 900525s1985 rh 000 0 nde
010 ## - LIBRARY OF CONGRESS CONTROL NUMBER
LC control number 86981099
020 ## - INTERNATIONAL STANDARD BOOK NUMBER
International Standard Book Number 086925510X
040 ## - CATALOGING SOURCE
Original cataloging agency DLC
Transcribing agency DLC
050 00 - LIBRARY OF CONGRESS CALL NUMBER
Classification number PL8842 NDE
100 1# - MAIN ENTRY--PERSONAL NAME
Personal name Ndebele, J. P.,
Dates associated with a name 1940-
245 10 - TITLE STATEMENT
Title Sisemhlabeni /
Statement of responsibility, etc. J.P. Ndebele.
260 ## - PUBLICATION, DISTRIBUTION, ETC.
Place of publication, distribution, etc. Harare, Zimbabwe :
Name of publisher, distributor, etc. College Press,
Date of publication, distribution, etc. 1985.
300 ## - PHYSICAL DESCRIPTION
Extent 84 p. ;
Dimensions 21 cm.
490 1# - SERIES STATEMENT
Series statement Modern writers
830 #0 - SERIES ADDED ENTRY--UNIFORM TITLE
Uniform title Modern writers (Harare, Zimbabwe)
906 ## - LOCAL DATA ELEMENT F, LDF (RLIN)
a 7
b cbc
c orignew
d u
e ncip
f 19
g y-gencatlg
942 ## - ADDED ENTRY ELEMENTS (KOHA)
Source of classification or shelving scheme Library of Congress Classification
Koha item type Books
Classification part 8842
Item part NDE
Call number prefix PL
Call number suffix 1985
Holdings
Withdrawn status Lost status Damaged status Not for loan Collection code Home library Current library Shelving location Date acquired Total Checkouts Full call number Barcode Date last seen Copy number Price effective from Koha item type
        Fiction City Campus Library City Campus Library General Stacks 04/07/2021   PL8842 NDE 1985 G22047 04/07/2021 c.1 04/07/2021 Books